Historia verdadera del Rey Don Rodrigo (Record no. 158228)

MARC details
000 -LEADER
campo de control de longitud fija 01970nam a2200301 i 4500
001 - NÚMERO DE CONTROL
campo de control 158228
003 - IDENTIFICADOR DE NÚMERO DE CONTROL
campo de control ES-MaACL
005 - FECHA Y HORA DE LA ÚLTIMA TRANSACCIÓN
campo de control 20240228155328.0
008 - DATOS DE LONGITUD FIJA--INFORMACIÓN GENERAL
campo de control de longitud fija 931025s1676 sp |||| | spa d
100 1# - ENTRADA PRINCIPAL--NOMBRE DE PERSONA
Nombre de persona Luna, Miguel de.
9 (RLIN) 74761
245 10 - MENCIÓN DEL TÍTULO
Título Historia verdadera del Rey Don Rodrigo
Resto del título : en la qual se trata la causa principal de la pèrdida de España, y la conquista que della hizo Miramamolin Almançor ... : y vida del Rey Iacob Almançor /
Mención de responsabilidad, etc. compuesta por ... Abulcacin Tarif Abentarique ... ; nuevamente traducida de lengua arabiga por Miguel de Luna...
250 ## - MENCION DE EDICION
Mención de edición Sexta impression...
260 ## - PUBLICACIÓN, DISTRIBUCIÓN, ETC.
Lugar de publicación, distribución, etc. En Madrid :
Nombre del editor, distribuidor, etc. por Melchor Sanchez y à su costa,
Fecha de publicación, distribución, etc. 1676 [1675]
300 ## - DESCRIPCIÓN FÍSICA
Extensión [16], 438, [10] p. ;
Dimensiones 4º.
530 ## - NOTA DISPONIBLE DE FORMULARIO FÍSICO ADICIONAL
Nota de formato físico adicional disponible Disponible en formato digital.
590 0# - NOTA LOCAL (RLIN)
Nota local Descripción basada en el ejemp. incompleto de AB-BP.
594 ## - Nota al título y mención de responsabilidad
Nota al título y mención de responsabilidad Aunque se presenta como el traductor, el verdadero autor de la obra es Miguel de Luna, que se oculta tras el seudónimo de Abulcacin Tarif Abentarique.
594 ## - Nota al título y mención de responsabilidad
Nota al título y mención de responsabilidad En p. 227 la 2ª parte de la obra con port. propia : "Segunda parte de la Historia de la perdida de España y vida del rey Iacob Almançor ..."
596 ## - NOTA AL PIE DE IMPRENTA
NOTA AL PIE DE IMPRENTA Segunda fecha tomada de port. de la 2ª parte de la obra.
597 ## - NOTA DE DESCRIPCIÓN FÍSICA
NOTA DE DESCRIPCIÓN FÍSICA Sign.:¶8, A-Z8, 2A-2E8.
600 04 - PUNTO DE ACCESO ADICIONAL DE MATERIA--NOMBRE DE PERSONA
Nombre de persona Rodrigo
Títulos y otros términos asociados al nombre Rey de los Visigodos.
9 (RLIN) 156818
651 #7 - PUNTO DE ACCESO ADICIONAL DE MATERIA--NOMBRE GEOGRÁFICO
Nombre geográfico España-
Subdivisión general Historia-
Subdivisión cronológica 0414-0711, Época visigoda
Fuente del encabezamiento o término
9 (RLIN) 162046
651 #4 - PUNTO DE ACCESO ADICIONAL DE MATERIA--NOMBRE GEOGRÁFICO
Nombre geográfico Al-Andalus-
Subdivisión general Historia-
Subdivisión cronológica 711-756, Emirato dependiente.
9 (RLIN) 155942
852 ## - LOCALIZACIÓN
Ubicación ES-MaACL
Número de control de estantería R-3375(2)
Nota libre Cotejado con la relación de obras recuperadas expediente robo.
-- Cambio de signatura: datos tomados del fichero topográfico R.
itemnumber 164103
Signatura antigua Olim: G-2853
condición física Contiene "Segunda parte" (p. [227]-438, [10] p.)
Encuadernación Encuadernacion . con la 1ª parte de la obra correspondiente a la "septima impression"
856 ## - LOCALIZACIÓN Y ACCESO ELECTRÓNICOS
Identificador Uniforme de Recursos <a href="http://bdh-rd.bne.es/viewer.vm?id=0000115795&page=1 ">http://bdh-rd.bne.es/viewer.vm?id=0000115795&page=1 </a>
Nota pública Biblioteca Digital Hispánica
942 ## - ELEMENTOS DE ENTRADA SECUNDARIOS (KOHA)
Fuente del sistema de clasificación o colocación Clasificación decimal universal
Holdings
Estatus retirado Estado de pérdida Estado de daño No para préstamo Colección Biblioteca de origen Biblioteca actual Ubicación en estantería Fecha de adquisición Fuente de adquisición Total de préstamos Signatura topográfica completa Código de barras Visto por última vez Precio de reemplazo Tipo de ítem Koha
        Colección digital Biblioteca del Ateneo de Madrid Biblioteca del Ateneo de Madrid Depósito 17/01/2008     R-3375(2) 1165602 23/02/2023 23/02/2023 Libro impreso antiguo